第5回マリオカートにじさんじ杯の二つ名からライバー名を当てよう - Statistics

General Stats
  • This quiz has been taken 26 times
  • The average score is 40 of 83
Answer Stats
ヒント Answer % Correct
透明な甲斐田が泣いていた 甲斐田晴
94%
スノー・ホワイト・パラダイス・エルサント・フロウ・ワスレナ・ピュア・プリンセス・リーヴル・ラブ・ハイデルン・ドコドコ・ヤッタゼ・ヴァルキュリア・パッション・アールヴ・ノエル・チャコボシ・エルアリア・フロージア・メイドイン・ブルーム・ える
94%
走力Sの爆走小町 小野町春香
88%
英雄の証明 エクス・アルビオ
88%
ぽぽんと圧倒! 先斗寧
88%
努力が繋ぐ『勝』の一文字 鈴木勝
88%
サーキットを照らす一等星 星川サラ
82%
逃げ去るは怪盗の美学 ルイス・キャミー
82%
まめねことよく一緒にいる人 レオス・ヴィンセント
82%
アキくんすき 鈴谷アキ
82%
小熊猫(レッサーパンダ)飛び出し注意! ラトナ・プティ
82%
ドッグ・ラン 黒井しば
82%
でかーーい!!! アルス・アルマル
76%
知能レベルFの私がマリカの世界に来たら無双してしまったんだが!? フレン・E・ルスタリオ
76%
背後に迫るオカルトガール 赤羽葉子
71%
ポンコツケミストリー 葉加瀬冬雪
71%
勝利の美酒は鬼神の盃 竜胆尊
71%
運命の錬金術師 アンジュ・カトリーナ
71%
勝利のシナリオ書き(ライター) 来栖夏芽
71%
織姫星の魔女 フミ
71%
二転三転烏天狗 山神カルタ
71%
暴走族 樋口楓
71%
刮目せよ王国の走り リゼ・ヘルエスタ
65%
虚空より帰還 剣持刀也
65%
腐っても諜報員 四季凪アキラ
65%
車上のバイオリニスト セラフ・ダズルガーデン
65%
己に鞭打ち魔王は走る えま★おうがすと
59%
未来は手の中に 夕陽リリ
59%
血濡れの冥王 葛葉
59%
幸せのクローバー 海妹四葉
59%
女王の領域(クイーンズ・テリトリー) 白雪巴
59%
未成年接触の疑い 鈴鹿詩子
59%
ねこ轢いちゃった 文野環
59%
セクシャルオーバーラン 愛園愛美
59%
執行人 シスター・クレア
53%
にじさんじのミラクル∞(インフィニティ) 三枝明那
47%
ビーストオブサンシャイン 本間ひまわり
47%
グリーンマッドモンスター 花畑チャイカ
47%
月明かりの反英雄(アンチヒーロー) 卯月コウ
41%
虹の八色目 月ノ美兎
41%
翻弄するダンシングフェアリー エリー・コニファー
41%
裏社会のイキリーダー 風楽奏斗
41%
Dream Chaser 夢追翔
41%
にやけ面のフォーチュンガール 椎名唯華
41%
迸るは強者の煌めき 空星きらめ
41%
デスレースでギャルピース 轟京子
41%
復活のヘル・ガール 奈羅花
41%
一撃必中シャークスバイト 北小路ヒスイ
35%
戦場の暗殺者
35%
クイーン・オブ・マリオカート 笹木咲
35%
不撓不屈のspeedmania 社築
35%
速度超過取り締まり、速度不足置き去り ローレン・イロアス
35%
優勝する?、第5回マリカにじさんじ杯優勝! 天宮こころ
35%
駆け抜ける残響 渡会雲雀
35%
頂きに墜ちる雷鳴 成瀬鳴
35%
空を切り裂くデザートイーグル イブラヒム
29%
大統領 矢車りね
29%
かくめいのじかん 魔使マオ
29%
カルマを負うダークヒーロー 小柳ロウ
29%
補助輪トリックスター 夜見れな
29%
悲運の皇帝 春崎エアル
29%
ぼっち・ざ・ろっく! 天ヶ瀬むゆ
29%
爆熱オーバーヒート ドーラ
29%
ジャックポットクイーン レイン・パターソン
29%
いもむし でびでび・でびる
29%
無冠の絶対強者 シェリン・バーガンディ
29%
魔を狩る銀狼 長尾景
24%
ハイスピードラビット 物述有栖
24%
ワイルド・スピード ベルモンド・バンデラス
24%
暴走する初心者マーク 伏見ガク
24%
眩き勝利の魔術師 アルス・アルマル
24%
Unbroken 不破湊
24%
最高最速桃色ジャイロ 家長むぎ
24%
アンダーグラウンドシンデレラ 魔界ノりりむ
24%
光速おてんばプラネット 桜凛月
24%
ガソリン満タン、100パー戦犯 鷹宮リオン
24%
初見さんはじめまして ギルザレンⅢ世
18%
肉弾戦ヒーロー 神田笑一
18%
導く勝利の方程式 オリバー・エバンス
18%
JACK IN THE BOX グウェル・オス・ガール
18%
せんこう逃げ切り型 郡道美玲
12%
敗北誘う魔界のサイレン レヴィ・エリファ
12%
鼻歌混じりのDaydreamer 朝日南アカネ
0%
No matching quizzes found
Score Distribution
Percent of People with Each Score
Percentile by Number Answered
Your Score History
You have not taken this quiz